|
|
|
|
| LEADER |
01546nam a2200361 a 4500 |
| 001 |
1008 |
| 003 |
BD-DhAAL |
| 005 |
20211206131310.0 |
| 008 |
150418s1996 ii b 000 0 eng |
| 999 |
|
|
|c 34260
|d 34260
|
| 010 |
|
|
|a 96902108
|
| 020 |
|
|
|a 0195636449
|
| 020 |
|
|
|a 0195654315
|
| 020 |
|
|
|a 9780195654318
|
| 040 |
|
|
|a DLC
|c DLC
|d DLC
|d BD-DhAAL
|
| 050 |
0 |
0 |
|a LA1144.5
|b .T73 1996
|
| 082 |
0 |
0 |
|a 370.954
|2 21
|
| 245 |
0 |
4 |
|a The transmission of knowledge in South Asia :
|b essays on education, religion, history, and politics /
|c edited by Nigel Crook.
|
| 260 |
|
|
|a Delhi ;
|a New York :
|b Oxford University Press,
|c 1996.
|
| 300 |
|
|
|a x, 336 pages ;
|c 22 cm.
|
| 490 |
1 |
|
|a SOAS studies on South Asia : understandings and perspectives
|
| 504 |
|
|
|a Includes bibliographical references.
|
| 520 |
|
|
|a Contributed essays.
|
| 541 |
|
|
|e 1008, 35511
|
| 650 |
|
0 |
|a Education
|z South Asia.
|9 8460
|
| 650 |
|
0 |
|a Educational sociology
|z South Asia.
|9 10508
|
| 650 |
|
0 |
|a Education
|x Political aspects
|z South Asia.
|9 10509
|
| 700 |
1 |
|
|a Crook, Nigel.
|9 10510
|
| 830 |
|
0 |
|a SOAS studies on South Asia.
|9 10511
|
| 852 |
|
|
|a Ayesha Abed Library
|c BIED Collection
|
| 942 |
|
|
|2 ddc
|c BK
|
| 952 |
|
|
|0 0
|1 0
|2 ddc
|4 0
|6 370_954000000000000_TRA
|7 0
|9 53486
|a SCL
|b SCL
|c GEN
|d 2015-04-18
|l 0
|o 370.954 TRA
|p 3020001008
|r 2015-04-18
|t 1
|w 2015-04-18
|y BK
|
| 952 |
|
|
|0 0
|1 0
|2 ddc
|4 0
|6 370_954000000000000_TRA
|7 0
|9 68111
|a BRACUL
|b BRACUL
|c GEN
|d 2020-03-08
|e Complimentary copy from BIED
|l 0
|o 370.954 TRA
|p 3010035511
|r 2020-03-08
|t 2
|w 2020-03-08
|y BK
|x Transferred from BIED to General Stacks
|